Municipalities of Oconto County, Wisconsin - Statistics

General Stats
  • This quiz has been taken 35 times
  • The average score is 14 of 34
Answers on the Map
Answers color-coded by a green-red scale on the quiz's map according to % correct below.
 
Answer Stats
Answer % Correct
City of Oconto
100%
Town of Oconto
100%
City of Oconto Falls
79%
Town of Oconto Falls
79%
Census Designated Place of Mountain
71%
Town of Mountain
71%
City of Gillett
64%
Town of Gillett
64%
Town of Lena
57%
Village of Lena
57%
Census Designated Place of Abrams
43%
Census Designated Place of Lakewood
43%
Census Designated Place of Townsend
43%
Town of Abrams
43%
Town of Lakewood
43%
Town of Pensaukee
43%
Town of Townsend
43%
Village of Suring
43%
Town of Little Suamico
36%
Town of Stiles
36%
Village of Pulaski
36%
Town of Doty
29%
Census Designated Place of Sobieski
21%
Town of Breed
21%
Town of Chase
21%
Town of Riverview
21%
Town of Underhill
21%
Town of Brazeau
14%
Town of Little River
14%
Town of Morgan
14%
Town of Spruce
14%
Town of How
7%
Town of Maple Valley
7%
Town of Bagley
0%
No matching quizzes found
Score Distribution
Percent of People with Each Score
Percentile by Number Answered
Your Score History
You have not taken this quiz